000 01271nam a2200313 i 4500
003 EG-GICUC
005 20260416121138.0
008 260304s1951 ua ||||fr|||| 00| 0 ara d
040 _a EG-GICUC
_bara
_c EG-GICUC
_d EG-GICUC
_erda
041 _aara
082 0 4 _221
_a343
_bم ح . ف
092 0 4 _221
099 _aLaw1 10 343 م ح . ف 1 ed - 1951
100 0 _aمحمود أحمد عمر
_eمؤلف.
245 1 2 _aالفهرس الجنائي :
_b لقضاء محكمة النقض فى المدة من نوفمبر 1928 لغاية اكتوبر 1945 /
_cوضعه محمود أحمد عمر باشكاتب محكمة النقض والأبرام.
250 _aالطبعة الأولى ،
_b1950-1951.
264 1 _aالقاهرة :
_bالمطبعة العالمية،
_c1951.
300 _a590 صفحة ;
_c24 سم.
336 _2rda content
_atext
337 _2rda media
_aComputer
338 _2rda carrier
_aOnline Resource
504 _aيشتمل على إرجاعات ببليوجرافية.
546 _aالنص باللغة العربية
650 1 _aالقانون الجنائي
650 1 _aالعلوم الجنائية
856 4 0 _uhttps://fll.law.cu.edu.eg/fulltext/bks/B10-08587.pdf
905 _a43
_eYara
942 _2ddc
_n0
_cBK
_e21
999 _c64933
_d64933